000 00565nam a2200205Ia 4500
003 GCL
008 140319s9999 xx 000 0 eng d
040 _aGCL /
_cGCL
082 0 4 _a005.3
_bF A
100 1 _aFRALA, BERNARD
245 1 0 _aAIDE-MEMOIRE DE QBASIC ET QUICK BASIC /
_cFRALA, BERNARD
260 _a[S.N] :
_bMARABOUT UNIVERSITE ،
_c1992
300 _a607 P
490 _aMARABOUT
_v0
650 0 4 _aCOMPUTER SOFTWARE
650 0 4 _aMS - DOS ( COMPUTER OPERATING SYSTEM )
650 0 4 _aQ BASIC
650 0 4 _aCOMPUTER - PROGRAMMING
942 _2ddc
_cBK
999 _c22705
_d22705